| 000 | 00327nam a22001217a 4500 | ||
|---|---|---|---|
| 008 | 180518b xxu||||| |||| 00| 0 eng d | ||
| 041 | _aeng | ||
| 080 | _a043.3 | ||
| 100 | _a0 | ||
| 101 | _aSHKI-BA | ||
| 245 |
_aKrahasimi ne mes standardeve MPEG - 2 dhe MPEG - 4 ne sistemet digjitale te videos _cSalihu, M |
||
| 942 |
_2udc _cBK |
||
| 999 |
_c45940 _d45940 |
||